MDQL
is popping MORE tags! Check the
thread
!
Quizzes
Events
Quiz Creation
Community
Videos
Private Events
Remove Ads
Sign In
Join for FREE
Feedback
Dark Mode
Quiz Categories
Sports
Geography
Music
Movies
Television
Just For Fun
Miscellaneous
History
Literature
Language
Science
Gaming
Entertainment
Religion
Holiday
For Kids
Quiz Lab
Recent
Popular Today
Quiz Kudos Today
Editor Picks
Curator Picks
Quizzes by...
Day
Popularity
Type
Ratings
Length
Year
Community
Subscriptions
Recent Discussions
Orange Saloon
Badges
Playlists
Quests
Create
Leaderboards
Showdown
Live 5
Trivia Bingo
Activity
Puzzle Library
Sporcle Events
Private Events
Virtual Trivia
Globe League
Become a Host
Pub Owners
SporcleCon
Opinionation
Our Games
Videos
Blog
Mobile Apps
Partnerships
Remove Ads and Go Orange
Feedback
Sports
Athletes
MLB
NBA
NHL
NFL
Soccer
Sports Teams
WWE
NCAA
Football
Premier League
Basketball
Baseball
Hockey
Golf
Tennis
Cricket
Rugby
Auto Racing
Olympics
World Cup
Sports
Athletes
MLB
NBA
NHL
NFL
Soccer
Sports Teams
WWE
NCAA
Football
Premier League
Basketball
Baseball
Hockey
Golf
Tennis
Cricket
Rugby
Auto Racing
Olympics
World Cup
Random Quiz
Search Sporcle
×
Quiz Lab
Quiz Lab
Sports
NHL
Type in answers that appear in a list
Type in answers that appear in a list
Classic
Best Score? Go Orange.
NHL Top 5 Point Shares by team 2016-2017 Stats
Can you name the NHL players with the top 5 point shares on each team in 2016-2017?
By
PSM52
14m
150 Questions
152 Plays
152 Plays
152 Plays
Comments
Comments
Give Quiz Kudos
Give Quiz Kudos
-
- Ratings
hide this ad
Replay
Link that replays current quiz
Next Quiz
Link to next quiz in quiz playlist
You Got
0%
They Got
Avg Score
63%
Avg Friend Score
Upgrade to see
Score Distribution
Jump to the score distribution portion of the page
Score
0/150
Timer
14:00
0
Plays Today
Hint
Answer
% Correct
Anaheim Ducks
Ryan Getzlaf
96.1%
Boston Bruins
Brad Marchand
88.8%
Chicago Blackhawks
Patrick Kane
86.8%
Edmonton Oilers
Connor McDavid
84.2%
Pittsburgh Penguins
Sidney Crosby
84.2%
Chicago Blackhawks
Jonathan Toews
82.9%
Dallas Stars
Jamie Benn
82.9%
Arizona Coyotes
Oliver Ekman-Larsson
82.2%
Buffalo Sabres
Jack Eichel
82.2%
Pittsburgh Penguins
Evgeni Malkin
82.2%
Arizona Coyotes
Mike Smith
81.6%
Ottawa Senators
Erik Karlsson
80.9%
Minnesota Wild
Eric Staal
80.3%
Calgary Flames
Sean Monahan
79.6%
New York Islanders
John Tavares
79.6%
Washington Capitals
Alex Ovechkin
79.6%
Anaheim Ducks
Ryan Kesler
78.9%
Boston Bruins
Tuukka Rask
78.9%
St. Louis Blues
Vladimir Tarasenko
78.3%
Toronto Maple Leafs
Auston Matthews
78.3%
Dallas Stars
Tyler Seguin
78.3%
Los Angeles Kings
Drew Doughty
77.6%
Montreal Canadiens
Carey Price
77.6%
Montreal Canadiens
Shea Weber
77.6%
Anaheim Ducks
Cam Fowler
77%
Columbus Blue Jackets
Seth Jones
77%
Detroit Red Wings
Henrik Zetterberg
77%
Nashville Predators
Pekka Rinne
77%
New York Rangers
Henrik Lundqvist
77%
San Jose Sharks
Martin Jones
77%
Tampa Bay Lightning
Nikita Kucherov
77%
Nashville Predators
Filip Forsberg
76.3%
New Jersey Devils
Taylor Hall
76.3%
Chicago Blackhawks
Duncan Keith
75.7%
Colorado Avalanche
Nathan MacKinnon
75.7%
Vancouver Canucks
Henrik Sedin
75.7%
Vancouver Canucks
Daniel Sedin
75.7%
Anaheim Ducks
John Gibson
75%
Chicago Blackhawks
Corey Crawford
75%
Montreal Canadiens
Max Pacioretty
75%
New York Rangers
J.T. Miller
75%
Pittsburgh Penguins
Phil Kessel
75%
San Jose Sharks
Brent Burns
75%
Vancouver Canucks
Ryan Miller
75%
Boston Bruins
Zdeno Chara
74.3%
Minnesota Wild
Ryan Suter
74.3%
Columbus Blue Jackets
Sergei Bobrovsky
73.7%
Minnesota Wild
Devan Dubnyk
73.7%
San Jose Sharks
Joe Pavelski
73.7%
Washington Capitals
Nicklas Backstrom
73.7%
Hint
Answer
% Correct
Boston Bruins
David Pastrnak
73%
Calgary Flames
Mark Giordano
73%
Carolina Hurricanes
Jeff Skinner
73%
Chicago Blackhawks
Artemi Panarin
73%
Edmonton Oilers
Cam Talbot
73%
Edmonton Oilers
Leon Draisaitl
73%
Florida Panthers
Roberto Luongo
73%
Florida Panthers
Aleksander Barkov
73%
New Jersey Devils
Cory Schneider
73%
Ottawa Senators
Craig Anderson
72.4%
Pittsburgh Penguins
Matthew Murray
72.4%
Los Angeles Kings
Jeff Carter
71.7%
Tampa Bay Lightning
Victor Hedman
71.7%
Toronto Maple Leafs
Frederik Andersen
71.7%
Washington Capitals
Braden Holtby
71.7%
Carolina Hurricanes
Cam Ward
71.1%
Nashville Predators
Roman Josi
71.1%
Winnipeg Jets
Patrik Laine
71.1%
Philadelphia Flyers
Wayne Simmonds
70.4%
Anaheim Ducks
Rickard Rakell
69.7%
Winnipeg Jets
Blake Wheeler
69.7%
New York Rangers
Ryan McDonagh
69.1%
Ottawa Senators
Mark Stone
69.1%
Philadelphia Flyers
Jakub Voracek
69.1%
St. Louis Blues
Alex Pietrangelo
69.1%
Dallas Stars
John Klingberg
68.4%
Calgary Flames
Brian Elliott
67.8%
Detroit Red Wings
Jimmy Howard
67.8%
Philadelphia Flyers
Steve Mason
67.8%
San Jose Sharks
Logan Couture
67.8%
Buffalo Sabres
Robin Lehner
66.4%
Columbus Blue Jackets
Cam Atkinson
66.4%
St. Louis Blues
Jake Allen
66.4%
Buffalo Sabres
Ryan O'Reilly
65.8%
Winnipeg Jets
Mark Scheifele
65.8%
Boston Bruins
Torey Krug
65.1%
Carolina Hurricanes
Justin Faulk
64.5%
Colorado Avalanche
Tyson Barrie
64.5%
Ottawa Senators
Mike Hoffman
64.5%
Washington Capitals
T.J. Oshie
64.5%
Dallas Stars
Kari Lehtonen
64.5%
Toronto Maple Leafs
Nazem Kadri
63.8%
Winnipeg Jets
Dustin Byfuglien
63.8%
New York Islanders
Anders Lee
62.5%
San Jose Sharks
Patrick Marleau
62.5%
Buffalo Sabres
Rasmus Ristolainen
61.8%
Detroit Red Wings
Mike Green
61.8%
Arizona Coyotes
Radim Vrbata
61.2%
New York Islanders
Thomas Greiss
61.2%
Vancouver Canucks
Bo Horvat
61.2%
Hint
Answer
% Correct
Calgary Flames
Dougie Hamilton
60.5%
Detroit Red Wings
Petr Mrazek
60.5%
Minnesota Wild
Mikael Granlund
60.5%
Nashville Predators
Ryan Ellis
60.5%
Tampa Bay Lightning
Ondrej Palat
59.9%
Dallas Stars
Jason Spezza
59.9%
New York Rangers
Chris Kreider
58.6%
Philadelphia Flyers
Brayden Schenn
58.6%
Florida Panthers
Keith Yandle
57.9%
New Jersey Devils
Kyle Palmieri
57.9%
Nashville Predators
Viktor Arvidsson
57.2%
Detroit Red Wings
Tomas Tatar
56.6%
Columbus Blue Jackets
Brandon Saad
55.9%
Columbus Blue Jackets
Zach Werenski
55.3%
Toronto Maple Leafs
James van Riemsdyk
54.6%
Montreal Canadiens
Andrei Markov
53.9%
Los Angeles Kings
Peter Budaj
52.6%
St. Louis Blues
Jaden Schwartz
52.6%
New York Islanders
Nick Leddy
52%
Los Angeles Kings
Tanner Pearson
51.3%
Montreal Canadiens
Alexander Radulov
51.3%
Tampa Bay Lightning
Andrei Vasilevskiy
51.3%
Colorado Avalanche
Mikko Rantanen
50.7%
Minnesota Wild
Jared Spurgeon
50.7%
Toronto Maple Leafs
Jake Gardiner
50%
Los Angeles Kings
Alec Martinez
49.3%
Colorado Avalanche
Calvin Pickard
47.4%
Edmonton Oilers
Oscar Klefbom
46.7%
Pittsburgh Penguins
Justin Schultz
45.4%
Tampa Bay Lightning
Jonathan Drouin
45.4%
Calgary Flames
Mikael Backlund
43.4%
Winnipeg Jets
Connor Hellebuyck
43.4%
Florida Panthers
James Reimer
42.1%
St. Louis Blues
Colton Parayko
40.8%
Edmonton Oilers
Andrej Sekera
38.8%
Florida Panthers
Jon Marchessault
38.8%
Arizona Coyotes
Alex Goligoski
36.2%
Carolina Hurricanes
Jaccob Slavin
34.9%
Washington Capitals
Dmitry Orlov
31.6%
Ottawa Senators
Mike Condon
30.9%
Colorado Avalanche
Francois Beauchemin
28.9%
Philadelphia Flyers
Ivan Provorov
28.9%
Arizona Coyotes
Louis Domingue
27.6%
Vancouver Canucks
Sven Baertschi
25.7%
New Jersey Devils
Keith Kinkaid
25%
Buffalo Sabres
Anders Nilsson
23.7%
Carolina Hurricanes
Brett Pesce
23.7%
New York Rangers
Nick Holden
19.7%
New Jersey Devils
John Moore
19.1%
New York Islanders
Dennis Seidenberg
13.8%
Quiz Playlist
Details
Report
Send in Message
Add To Playlist
Classic:
Type in answers that appear in a list
Quiz Source
Last Updated: Apr 21, 2017
Quiz Scoreboard
CHALLENGE
Sign Up to Join the Scoreboard
Show All
Scores
Hide
Comments
May contain spoilers
Recently Published
Holiday 10x10 Sorting Gallery
by lukepisani3
Holiday
15m
Two Season TV Shows II
by 123Four
Television
10m
Image Sorting: Flags VI
by Barbecue
Geography
2m
More to Explore
Quiz From the Vault
Featured Blog Post
14 Easter Pick-up Lines to Find Eggs With
hide this ad
You Might Also Like...
Tags
NHL Quiz
2016-2017
Player
point
share
team
Today's Top Quizzes in Sports
Browse Sports
hide this ad
Today's Top Quizzes in NHL
Browse NHL
Top Contributed Quizzes in Sports
1
Les meilleurs buteurs des matchs entre le PSG et l’OM
2
Les entraîneurs de l'OM et du PSG au 21e siècle
3
2022 World Cup Stars
4
Les joueurs passés par le PSG et l'OM
5
Players with Multiple 50 Home Run Seasons
6
FIFA Club World Cup Champions
7
Top 10 NHL Goal Scorers of All Time
8
Les joueurs passés par le LOSC et le RC Lens
9
Criteria MLB: Left Handed Sluggers
10
2023 MLB Unique Player Accomplishments
Explore More
Trending Topics
Marvel
NBA
Crossword
Anime
Harry Potter
Disney
Kpop
Soccer
NFL
Song
The Office
Pokémon
WWE
Country
Puzzle
hide this ad
More By:
PSM52
Quiz
Plays
Rating
Category
Featured
Created
Star Wars Venn Diagram
4,452
4.58
Movies
Oct 14, 2016
Spongebob Squarepants Venn Diagram
3,976
4.07
Television
Oct 17, 2016
Star Wars Venn Diagram II
3,616
4.68
Movies
Oct 18, 2016
Avatar the Last Airbender: Team Avatar Venn Diagram
1,724
3.60
Television
Oct 15, 2016
Star Wars Venn Diagram III
1,276
3.80
Movies
Dec 16, 2016
Go to Creator's Profile
Score Distribution
Quiz Creator Spotlight
PSM52
Follow
Send a Message
Quizzes Created
-
Created Quiz Play Count
-
More By This Creator
Popular Quizzes Today
1
Find the US States - No Outlines Minefield
2
Colored Red Africa Blitz
3
Find the 'City' Movie
4
The Countries of the World
5
Find the US States
6
5x2 Blitz: Bands
7
Find the Countries of Europe - No Outlines Minefield
8
US States
More Sports Quizzes
Multi-Category Blitz: NBA II
Editor's Pick
Trending Quizzes
Colored Red Europe Blitz I
Colored Red Europe Blitz II
Colored Red Africa Blitz II
Colored Red Europe Blitz III
Colored Red Africa Blitz III
Recently Updated
Odd Team Out - Big 4 Players
pecheneg
Quick Pick: 20 Twenties
pecheneg
March Madness Men's Triple Doubles
pecheneg
How Do You Spell That?
pecheneg
Godzilla Movies
pecheneg
Grab Bag: 4-10 Letters
pecheneg
2024 March Madness Bracket
pecheneg
Famous TV Couples
Peacemaker
Champions League XIs: Real Madrid
pecheneg
Largest US Cities 1790-2010
pecheneg
Trending Topics
Disney
Kpop
NBA
Harry Potter
Anime
Marvel
Crossword
NFL
The Office
WWE
Soccer
Song
Puzzle
Pokémon
Country
Your Account Isn't Verified!
In order to create a playlist on Sporcle, you need to verify the email address you used during registration. Go to your
Sporcle Settings
to finish the process.
Report this User
Report this user for behavior that violates our
Community Guidelines
.
Details:
Send Report
Go to the Sporcle.com Mobile Site →
Comments